000
00326nam a22001457a 4500
008
210308b ||||| |||| 00| 0 eng d
020
_a
1891306006
041
_a
eng
080
_2
5th
_a
32
082
_a
32
100
_a
19
101
_a
SHP
245
_a
Defining our Role in a Changing World
_c
Aicher, P
942
_2
udc
_c
BK
999
_c
55955
_d
55955